000 00649nam a2200229 a 4500
001 BRCA_7151
005 20190320205730.0
008 110112s1900----gw-a######---#000-0#ger-#
041 _ager
044 _agw
050 4 _aGV91
_b.G39
245 1 0 _aDer Rudersport
_bReimenrudern, Skullen und Canoesport
_cherausgegeben von B. von Gaza.
260 _aLeipzig, Alemania
_bGrethlein
_c[19-?]
300 _a236 p.
_bil.
_c19 cm.
440 0 _aBibliothek fur sport und Spiel
_917746
500 _aP40
650 1 4 _aRemo (Deporte)
_910332
650 1 4 _aCanoa y canotaje
_917747
700 1 _aGaza, B. von
_eed.
_917748
902 _aGFM
942 _2lcc
_cB
999 _c6832
_d6832